000 00508nam a2200193 a 4500
001 17580
003 CO-ViMGA
008 141112s2004 ck r 000 u spa d
020 _a8484502414
040 _aCO-ViMGA
_bspa
_cCO-ViMGA
082 0 4 _a823 H895m
100 1 _aHuxley, Aldous
_915045
245 1 0 _aUn mundo feliz
260 _aBarcelona (España),
_cPlaza y Janes,
_c2001
300 _a254.p.
590 _aForma de adquisición : Premio - Mincultura
650 1 4 _aNOVELA INGLESA
942 _2ddc
_cBK
999 _c27076
_d27076